[Event "FLORIPA CHESS OPEN 2015"]
[Site "Florianopolis/SC"]
[Date "2015.01.18"]
[Round "9"]
[Board "16"]
[White "Dejeanne, Francisco"]
[Black "Goncalves, Ruan Lucas Alves"]
[Result "1/2-1/2"]
[WhiteElo "2240"]
[BlackElo "1919"]
[PlyCount "58"]
[EventDate "2015.01.14"]
[EventRounds "10"]
[EventCountry "BRA"]

1. d4 Nf6 2. c4 g6 3. Nc3 Bg7 4. e4 d6 5. f3 O-O 6. Be3 e5 7. d5 c6 8. Qd2 cxd5
9. cxd5 a6 10. O-O-O b5 11. Kb1 Nbd7 12. g4 h5 13. h3 Nc5 14. b4 Ncd7 15. Bg5
Qb6 16. Qe3 Qb8 17. a3 a5 18. Rh2 axb4 19. axb4 Nb6 20. Ra2 Rxa2 21. Nxa2 Nc4
22. Bxc4 bxc4 23. Bxf6 Bxf6 24. gxh5 Kg7 25. hxg6 fxg6 26. Ne2 Rh8 27. Rh1 Bd8
28. Ng3 Qb6 29. Qg5 Qa7 1/2-1/2

[Event "FLORIPA CHESS OPEN 2015"]
[Site "Florianopolis/SC"]
[Date "2015.01.18"]
[Round "9"]
[Board "17"]
[White "Nunes Jr, Sidney"]
[Black "Cruz, William Ferreira Da"]
[Result "0-1"]
[WhiteElo "2034"]
[BlackElo "2238"]
[PlyCount "40"]
[EventDate "2015.01.14"]
[EventRounds "10"]
[EventCountry "BRA"]

1. e4 e6 2. d4 d5 3. exd5 exd5 4. Bd3 c5 5. Bb5+ Nc6 6. Qe2+ Be6 7. Nf3 a6 8.
Bxc6+ bxc6 9. O-O Be7 10. dxc5 Nf6 11. Ng5 Bg4 12. f3 Bf5 13. g4 Bc8 14. Re1
Ra7 15. b4 O-O 16. Bb2 Nxg4 17. Nxh7 Kxh7 18. fxg4 Bh4 19. Qe5 f5 20. Rf1 Bf6
 0-1

[Event "FLORIPA CHESS OPEN 2015"]
[Site "Florianopolis/SC"]
[Date "2015.01.18"]
[Round "9"]
[Board "19"]
[White "Born, Carlos Rodrigo"]
[Black "Luz, Arthur Nader"]
[Result "1-0"]
[WhiteElo "2199"]
[BlackElo "2041"]
[PlyCount "95"]
[EventDate "2015.01.14"]
[EventRounds "10"]
[EventCountry "BRA"]

1. e4 e6 2. d4 d5 3. e5 c5 4. Nf3 Nc6 5. Bd3 cxd4 6. O-O Nge7 7. Re1 Ng6 8.
Nbd2 Bb4 9. a3 Ba5 10. b4 Bc7 11. Bxg6 hxg6 12. Nb3 Bd7 13. Bf4 a6 14. Qd2 f6
15. Bg3 g5 16. exf6 gxf6 17. Nc5 Kf7 18. Nxb7 Qb8 19. Nc5 Bxg3 20. fxg3 Qd6 21.
Rf1 Kg6 22. Nxd4 Nxd4 23. Qxd4 e5 24. Qd3+ Kg7 25. c4 g4 26. Rad1 Rh6 27. Qxd5
Qxd5 28. Rxd5 Bc6 29. Rd6 Rc8 30. Ne6+ Kh7 31. Nc5 Kg7 32. Rfd1 e4 33. Ne6+ Kg6
34. Nf4+ Kf7 35. h4 gxh3 36. gxh3 Rhh8 37. Kf2 f5 38. Ke3 Ba4 39. R1d5 Rxc4 40.
Rxf5+ Ke7 41. Re6+ Kd7 42. Rf7+ Kc8 43. Rxa6 Bc6 44. Ne6 Bd5 45. Ra5 Rc3+ 46.
Kd4 Rd3+ 47. Kc5 Rc3+ 48. Kxd5 1-0

[Event "FLORIPA CHESS OPEN 2015"]
[Site "Florianopolis/SC"]
[Date "2015.01.18"]
[Round "9"]
[Board "20"]
[White "Cadilhac, Igor Tokuichi Kikuch"]
[Black "Faig, Cristian"]
[Result "1/2-1/2"]
[WhiteElo "2015"]
[BlackElo "2176"]
[PlyCount "55"]
[EventDate "2015.01.14"]
[EventRounds "10"]
[EventCountry "BRA"]

1. e4 c6 2. d4 d5 3. Nc3 dxe4 4. Nxe4 Bf5 5. Ng3 Bg6 6. h4 h6 7. Nf3 Nd7 8. h5
Bh7 9. Bd3 Bxd3 10. Qxd3 Ngf6 11. Bd2 Qc7 12. O-O-O O-O-O 13. Ne4 e6 14. g3
Nxe4 15. Qxe4 Nf6 16. Qe2 Rd5 17. Ne5 Rxd4 18. Bf4 Rxd1+ 19. Rxd1 Nd5 20. Rxd5
cxd5 21. Ng6 Bd6 22. Bxd6 Qxd6 23. Nxh8 Qf8 24. Ng6 fxg6 25. Qxe6+ Kc7 26. hxg6
Qb4 27. Qe5+ Kc6 28. Qe6+ 1/2-1/2

[Event "FLORIPA CHESS OPEN 2015"]
[Site "Florianopolis/SC"]
[Date "2015.01.18"]
[Round "9"]
[Board "21"]
[White "Matsuura, Frederico"]
[Black "Massarioli, Felipe Alvarenga"]
[Result "1-0"]
[WhiteElo "2289"]
[BlackElo "2027"]
[PlyCount "69"]
[EventDate "2015.01.14"]
[EventRounds "10"]
[EventCountry "BRA"]

1. d4 d5 2. Nf3 Nf6 3. c4 c6 4. Nc3 a6 5. c5 g6 6. h3 Bg7 7. Bf4 O-O 8. e3 Re8
9. Be2 Nfd7 10. O-O e5 11. Nxe5 Nxe5 12. Bxe5 Bxe5 13. dxe5 Rxe5 14. e4 d4 15.
Na4 Nd7 16. b4 Qh4 17. f3 Rg5 18. Rf2 Nf8 19. f4 Rg3 20. f5 Qxe4 21. Nb6 Rb8
22. Bf3 Qh4 23. Nxc8 Rxc8 24. Bg4 h5 25. Bf3 Rd8 26. fxg6 Nxg6 27. Bxh5 Nf4 28.
Bg4 Nxh3+ 29. Bxh3 Qxh3 30. Qd2 Rd5 31. Qf4 Rd7 32. Re1 Qg4 33. Qf6 Kh7 34. Re8
Qd1+ 35. Rf1 1-0

[Event "FLORIPA CHESS OPEN 2015"]
[Site "Florianopolis/SC"]
[Date "2015.01.18"]
[Round "9"]
[Board "22"]
[White "Salustiano, Murilo Gimenez"]
[Black "Sztokbant, Bernardo Vainzoff"]
[Result "1/2-1/2"]
[WhiteElo "2026"]
[BlackElo "2278"]
[PlyCount "113"]
[EventDate "2015.01.14"]
[EventRounds "10"]
[EventCountry "BRA"]

1. e4 e5 2. Nf3 Nc6 3. Bb5 Nf6 4. O-O Be7 5. Re1 d6 6. h3 O-O 7. c3 Bd7 8. d4
Nxd4 9. Nxd4 exd4 10. Bxd7 Qxd7 11. cxd4 d5 12. e5 Ne4 13. Nc3 Nxc3 14. bxc3 c5
15. Be3 Rac8 16. Rb1 b6 17. Re2 Rfd8 18. Rd2 cxd4 19. Bxd4 Bc5 20. Qf3 Qe6 21.
Rbd1 Be7 22. Qg4 g6 23. f4 Bc5 24. Kh1 Bxd4 25. cxd4 Rc4 26. f5 Qxf5 27. Qxf5
gxf5 28. Rf1 Rdc8 29. Rxf5 Rc2 30. Rff2 Rxd2 31. Rxd2 Kg7 32. Rd3 Rc4 33. Kh2
Kg6 34. Kg3 Kf5 35. Rf3+ Ke6 36. Rd3 Ra4 37. Rd2 b5 38. Kf4 Rc4 39. Kg5 Rc7 40.
g4 a5 41. h4 b4 42. Rf2 Rc4 43. Rf6+ Ke7 44. Ra6 Rxd4 45. Kf5 Rd2 46. Ra7+ Kf8
47. Rxa5 Rf2+ 48. Kg5 d4 49. Rd5 Rd2 50. Rb5 Rb2 51. Rd5 Rd2 52. Rb5 Rxa2 53.
Rxb4 d3 54. Rd4 d2 55. Kf5 Ke7 56. Rd3 Rb2 57. Rd4 1/2-1/2

[Event "FLORIPA CHESS OPEN 2015"]
[Site "Florianopolis/SC"]
[Date "2015.01.18"]
[Round "9"]
[Board "23"]
[White "Bueno, Alfeu Junior Varela"]
[Black "Almeida, Heidy Jose Moreira De"]
[Result "1-0"]
[WhiteElo "2251"]
[BlackElo "2014"]
[PlyCount "33"]
[EventDate "2015.01.14"]
[EventRounds "10"]
[EventCountry "BRA"]

1. e4 d5 2. exd5 Nf6 3. Bb5+ Bd7 4. Be2 Nxd5 5. d4 g6 6. c4 Nf6 7. Nc3 Bg7 8.
Nf3 O-O 9. h3 c5 10. d5 Qc7 11. O-O Rd8 12. Bg5 a6 13. a4 Bc8 14. Qc1 Ne8 15.
d6 Nxd6 16. Nd5 Qa5 17. Bd2 1-0

[Event "FLORIPA CHESS OPEN 2015"]
[Site "Florianopolis/SC"]
[Date "2015.01.18"]
[Round "9"]
[Board "24"]
[White "Franca, Willian Bento"]
[Black "Assumpcao, Roberto"]
[Result "1/2-1/2"]
[WhiteElo "2008"]
[BlackElo "2232"]
[PlyCount "84"]
[EventDate "2015.01.14"]
[EventRounds "10"]
[EventCountry "BRA"]

1. e4 c5 2. d4 cxd4 3. c3 d5 4. exd5 Qxd5 5. cxd4 e6 6. Nf3 Nc6 7. Bd3 Nf6 8.
Nc3 Bb4 9. O-O Bxc3 10. bxc3 O-O 11. Re1 b6 12. Bg5 Bb7 13. Qc2 Kh8 14. Rab1
Rac8 15. Bxf6 gxf6 16. Rb5 Nxd4 17. cxd4 Rxc2 18. Rxd5 Rc3 19. Rd7 Bxf3 20. Bf1
Bd5 21. Rxa7 Rfc8 22. f3 Kg7 23. a4 Rc1 24. Rxc1 Rxc1 25. Kf2 Rc2+ 26. Kg3 Bc4
27. Rc7 Bd3 28. Rxc2 Bxc2 29. Bb5 Kf8 30. Kf4 Ke7 31. Ke3 h6 32. Kd2 Bb3 33.
Kc3 Bd5 34. Bd3 f5 35. Kb4 Kd6 36. Bf1 f4 37. Bd3 Bc6 38. Be4 Bd7 39. Bc2 f6
40. Kc4 Bc6 41. Kb4 Be8 42. Bb3 Bc6 1/2-1/2

[Event "FLORIPA CHESS OPEN 2015"]
[Site "Florianopolis/SC"]
[Date "2015.01.18"]
[Round "9"]
[Board "25"]
[White "Martins, Anderson Donay"]
[Black "Guimaraes, Diogo Duarte"]
[Result "0-1"]
[WhiteElo "2000"]
[BlackElo "2221"]
[PlyCount "90"]
[EventDate "2015.01.14"]
[EventRounds "10"]
[EventCountry "BRA"]

1. e4 e5 2. Nf3 Nc6 3. Bb5 Nf6 4. d3 Bc5 5. c3 d6 6. Nbd2 O-O 7. b4 Bb6 8. O-O
a6 9. Ba4 Ne7 10. Bb3 Ng6 11. Nc4 Ba7 12. Be3 Bb8 13. Qc2 Qe7 14. Rfe1 Bg4 15.
Nfd2 Nh5 16. f3 Be6 17. d4 Ngf4 18. Nf1 Ba7 19. Rad1 c6 20. Ng3 g6 21. dxe5
Bxe3+ 22. Nxe3 dxe5 23. Rd2 a5 24. a3 axb4 25. axb4 Nf6 26. Red1 Qc7 27. Bxe6
Nxe6 28. Nc4 b5 29. Ne3 Qb6 30. Ngf1 Ra3 31. g3 c5 32. Qb2 Rfa8 33. Kg2 c4 34.
Nd5 Nxd5 35. exd5 Nf8 36. Qc2 Qd6 37. Re1 f5 38. Ne3 Nd7 39. g4 e4 40. gxf5
exf3+ 41. Kxf3 Ne5+ 42. Kg2 Nd3 43. Rf1 Qe5 44. Ng4 Qxd5+ 45. Rf3 Ne1+ 0-1

[Event "FLORIPA CHESS OPEN 2015"]
[Site "Florianopolis/SC"]
[Date "2015.01.18"]
[Round "9"]
[Board "26"]
[White "Dias, Anderson Tatsch"]
[Black "Da Silva, Jefferson Rian Ferre"]
[Result "1-0"]
[WhiteElo "2212"]
[BlackElo "2000"]
[PlyCount "129"]
[EventDate "2015.01.14"]
[EventRounds "10"]
[EventCountry "BRA"]

1. d4 Nf6 2. c4 e5 3. dxe5 Ng4 4. Bf4 Nc6 5. Nf3 Bb4+ 6. Nbd2 Qe7 7. e3 Ngxe5
8. Nxe5 Nxe5 9. Be2 Ng6 10. Bg3 Bd6 11. Bxd6 Qxd6 12. O-O O-O 13. Qc2 Re8 14.
c5 Qf6 15. Rfd1 Nf4 16. Bb5 Qg6 17. Qxg6 Nxg6 18. Nf3 Nf8 19. Rac1 c6 20. Bc4
b5 21. Bb3 a5 22. a3 h6 23. h3 Rb8 24. Nd4 g6 25. Nf3 Nh7 26. Rd4 Nf6 27. Nd2
a4 28. Bd1 Bb7 29. e4 Re7 30. f4 Rbe8 31. Bf3 Nh7 32. Rc3 Bc8 33. Kf2 f6 34.
Rd6 Kg7 35. h4 g5 36. hxg5 hxg5 37. g3 Rh8 38. Nf1 gxf4 39. gxf4 Nf8 40. Ng3
Ng6 41. Nf5+ Kf7 42. Nxe7 Kxe7 43. Ke3 Rh4 44. Rc1 Nxf4 45. Rg1 Ne6 46. Rg8
Nxc5 47. Rd2 Bb7 48. Rb8 Ba6 49. Ra8 Rh7 50. Rc2 Bb7 51. Ra7 Kd6 52. Rxc5 Kxc5
53. Rxb7 Re7 54. Kd3 Kd6 55. Bg4 Rg7 56. Bf5 Rg3+ 57. Kc2 Rg2+ 58. Kb1 Rg7 59.
Rb8 Kc5 60. Rf8 b4 61. axb4+ Kxb4 62. Rxf6 Rg1+ 63. Ka2 Rg2 64. Rf8 Ka5 65.
Bxd7 1-0

[Event "FLORIPA CHESS OPEN 2015"]
[Site "Florianopolis/SC"]
[Date "2015.01.18"]
[Round "9"]
[Board "27"]
[White "Goncalves, Davi Sulzbacher"]
[Black "Garkauskas, Otto Dmitry"]
[Result "0-1"]
[WhiteElo "1983"]
[BlackElo "2202"]
[PlyCount "90"]
[EventDate "2015.01.14"]
[EventRounds "10"]
[EventCountry "BRA"]

1. d4 d5 2. c4 c6 3. Nf3 Nf6 4. Nc3 dxc4 5. a4 Bf5 6. e3 e6 7. Bxc4 Bb4 8. O-O
O-O 9. Qe2 Nbd7 10. e4 Bg6 11. Bd3 Bh5 12. e5 Nd5 13. Ne4 Be7 14. Ng3 Bg6 15.
Bxg6 fxg6 16. Qc4 a5 17. Ne4 h6 18. Bd2 g5 19. Ne1 c5 20. Nd3 cxd4 21. Qxd4 Qe8
22. Rac1 Nb8 23. Nec5 Nc6 24. Qe4 Bxc5 25. Nxc5 Qe7 26. Rfd1 Rf5 27. Nd3 Rd8
28. Be3 Nxe3 29. Qxe3 Rd5 30. Rc5 Qd7 31. Rxd5 Qxd5 32. Re1 Rf7 33. h3 Nd4 34.
Rc1 Nf5 35. Qe2 Nh4 36. f3 Qd4+ 37. Kh1 Qxa4 38. Rc8+ Kh7 39. Nc5 Qa1+ 40. Kh2
Qc1 41. Qd3+ g6 42. Qd8 Nxf3+ 43. gxf3 Qf4+ 44. Kg1 Qg3+ 45. Kf1 Rxf3+ 0-1

[Event "FLORIPA CHESS OPEN 2015"]
[Site "Florianopolis/SC"]
[Date "2015.01.18"]
[Round "9"]
[Board "28"]
[White "Boff, Andre Ricardo"]
[Black "Godoy Olazabal, Artur"]
[Result "0-1"]
[WhiteElo "2000"]
[BlackElo "2198"]
[PlyCount "114"]
[EventDate "2015.01.14"]
[EventRounds "10"]
[EventCountry "BRA"]

1. d4 f5 2. Nf3 g6 3. e3 Bg7 4. Be2 Nf6 5. O-O d6 6. b3 e5 7. dxe5 Ng4 8. Bb2
Nxe5 9. Nxe5 dxe5 10. Qxd8+ Kxd8 11. Nd2 Be6 12. Nf3 Nd7 13. Rad1 Ke7 14. Rd2
Rhd8 15. Rfd1 Bf6 16. Kf1 g5 17. Ne1 e4 18. Bxf6+ Nxf6 19. Rxd8 Rxd8 20. Rxd8
Kxd8 21. c4 a5 22. Nc2 a4 23. Ke1 Nd7 24. Kd2 axb3 25. axb3 Ne5 26. Kc3 c5 27.
Na3 f4 28. f3 exf3 29. gxf3 Bf5 30. exf4 gxf4 31. Nb5 Bh3 32. Kd2 Bg2 33. Nc3
Bxf3 34. Bf1 Ke7 35. Ke1 Kf6 36. Na4 Nd7 37. Bh3 Bc6 38. Bxd7 Bxd7 39. Nxc5 Bc6
40. b4 Ke5 41. b5 Be4 42. Kf2 Bh1 43. Kg1 Kd6 44. Nd3 Be4 45. Nxf4 Kc5 46. Kf2
Kxc4 47. Ke3 Bf5 48. Ne2 Bd7 49. b6 Kc5 50. Kf4 Kxb6 51. Ke5 Kc5 52. Kf6 b5 53.
Nc1 Kc4 54. Ne2 b4 55. Ng3 Kd4 56. Kg7 b3 57. Kxh7 b2 0-1

[Event "FLORIPA CHESS OPEN 2015"]
[Site "Florianopolis/SC"]
[Date "2015.01.18"]
[Round "9"]
[Board "29"]
[White "Paniagua Chnelik, Sebastian"]
[Black "Ribeiro, Regina"]
[Result "1-0"]
[WhiteElo "2197"]
[BlackElo "1967"]
[PlyCount "95"]
[EventDate "2015.01.14"]
[EventRounds "10"]
[EventCountry "BRA"]

1. d4 e6 2. Nf3 Nf6 3. c4 Bb4+ 4. Nbd2 a5 5. g3 b6 6. Bg2 Bb7 7. O-O O-O 8. Qc2
Bxd2 9. Bxd2 Be4 10. Qc1 d6 11. b3 Nbd7 12. a3 c5 13. Bc3 Rc8 14. Qb2 Ne8 15.
Rad1 Qe7 16. Bh3 f5 17. Ne1 cxd4 18. Bxd4 e5 19. Bc3 Qf7 20. f3 Bb7 21. f4 Qh5
22. Bg2 Bxg2 23. Nxg2 e4 24. Ne3 Ndf6 25. Nd5 Qh3 26. Ne7+ Kh8 27. e3 Rc7 28.
Nd5 Nxd5 29. Rxd5 Rc5 30. Rfd1 Rxd5 31. Rxd5 h5 32. Bd4 h4 33. Bxb6 hxg3 34.
Qg2 gxh2+ 35. Qxh2 Qxh2+ 36. Kxh2 Rf6 37. Rxa5 Rh6+ 38. Kg2 Nf6 39. Rxf5 Ng4
40. Kg3 Nh2 41. a4 Nf3 42. a5 Rg6+ 43. Kf2 Rh6 44. a6 Rh2+ 45. Kg3 Ra2 46. a7
Ne1 47. Ba5 Rg2+ 48. Kh3 1-0

[Event "FLORIPA CHESS OPEN 2015"]
[Site "Florianopolis/SC"]
[Date "2015.01.18"]
[Round "9"]
[Board "30"]
[White "De Carvalho, Christopher"]
[Black "Crespo De Oliveira, Lucas"]
[Result "1-0"]
[WhiteElo "1965"]
[BlackElo "2194"]
[PlyCount "73"]
[EventDate "2015.01.14"]
[EventRounds "10"]
[EventCountry "BRA"]

1. d4 Nf6 2. c4 c5 3. d5 e6 4. Nc3 exd5 5. cxd5 d6 6. Nf3 g6 7. Bf4 a6 8. a4
Bg7 9. h3 O-O 10. e3 Re8 11. Be2 Qc7 12. O-O Nbd7 13. Nd2 Ne5 14. Qb3 Nfd7 15.
Rfc1 b6 16. Bg3 f5 17. Re1 Bh6 18. f4 Nf7 19. Bf3 g5 20. Bh5 gxf4 21. exf4
Rxe1+ 22. Rxe1 Nf6 23. Bf3 Bd7 24. Qc4 Qb7 25. Bh4 Bg7 26. Re6 b5 27. Qd3 b4
28. Bxf6 Bxf6 29. Rxf6 bxc3 30. Bh5 cxd2 31. Rxf7 d1=R+ 32. Qxd1 Rd8 33. Qd3
Qxb2 34. Qg3+ Kh8 35. Qh4 Rg8 36. Bg6 Rg7 37. Rf8+ 1-0

[Event "FLORIPA CHESS OPEN 2015"]
[Site "Florianopolis/SC"]
[Date "2015.01.18"]
[Round "9"]
[Board "31"]
[White "Goncalves, Leonardo Yamamoto P"]
[Black "Madeira, Wagner Martins"]
[Result "0-1"]
[WhiteElo "1945"]
[BlackElo "2191"]
[PlyCount "92"]
[EventDate "2015.01.14"]
[EventRounds "10"]
[EventCountry "BRA"]

1. e4 Nf6 2. d3 d5 3. Nd2 c5 4. c3 Nc6 5. Ngf3 e5 6. Be2 g6 7. O-O Bg7 8. a3 a5
9. a4 O-O 10. exd5 Nxd5 11. Nc4 h6 12. Qb3 b6 13. Nfd2 Rb8 14. Bf3 Be6 15. Ne4
Nde7 16. Qc2 Qc7 17. Ned6 Rfd8 18. Nb5 Qd7 19. Be2 f5 20. Ncd6 Nc8 21. Nxc8
Rbxc8 22. f4 Qf7 23. Ra3 Rd7 24. fxe5 Nxe5 25. Be3 Kh7 26. Kh1 Qe7 27. d4 Nc4
28. Bxc4 Bxc4 29. Re1 Bxb5 30. axb5 cxd4 31. Bf2 Qd8 32. Raa1 dxc3 33. Qb3 cxb2
34. Rab1 Rd3 35. Qe6 Rd6 36. Qf7 Rc7 37. Qb3 Qf6 38. h3 Qc3 39. Qa4 Qc4 40.
Qxc4 Rxc4 41. Bg3 Rd5 42. Kh2 a4 43. Re7 a3 44. Ra7 Rc1 45. Be1 Rdc5 46. Bf2
Rc7 0-1

[Event "FLORIPA CHESS OPEN 2015"]
[Site "Florianopolis/SC"]
[Date "2015.01.18"]
[Round "9"]
[Board "32"]
[White "Calcado, Acyr Rogerio"]
[Black "Zonta, Juliano Artemio"]
[Result "0-1"]
[WhiteElo "2133"]
[BlackElo "1973"]
[PlyCount "72"]
[EventDate "2015.01.14"]
[EventRounds "10"]
[EventCountry "BRA"]

1. e4 c5 2. Nf3 d6 3. d4 cxd4 4. Qxd4 a6 5. Bg5 Nc6 6. Qd2 h6 7. Bh4 g5 8. Bg3
Bg7 9. c4 Be6 10. Nc3 Rc8 11. Rc1 Qa5 12. b3 b5 13. Nb1 b4 14. Bd3 Bg4 15. Ng1
h5 16. f3 h4 17. Bf2 h3 18. g3 Bd7 19. Be3 Ne5 20. a4 Bc6 21. Bc2 g4 22. f4 Nd7
23. Bd4 e5 24. Ba1 Qb6 25. Qf2 Qb7 26. Nd2 Ngf6 27. Qe3 Nc5 28. Ne2 Nfxe4 29.
O-O O-O 30. fxe5 dxe5 31. Nxe4 Bxe4 32. Bd1 Bg6 33. Rf2 Ne4 34. c5 Nxf2 35.
Qxf2 Bh6 36. Rc4 Be3 0-1

[Event "FLORIPA CHESS OPEN 2015"]
[Site "Florianopolis/SC"]
[Date "2015.01.18"]
[Round "9"]
[Board "33"]
[White "Mendonca Campelo, Higor Carlos"]
[Black "Cruz, Arquias Sofocles Guimara"]
[Result "1-0"]
[WhiteElo "2119"]
[BlackElo "1963"]
[PlyCount "107"]
[EventDate "2015.01.14"]
[EventRounds "10"]
[EventCountry "BRA"]

1. e4 e6 2. d3 d5 3. Nd2 Nf6 4. Ngf3 Nc6 5. c3 dxe4 6. dxe4 e5 7. Bb5 Bd6 8.
Bxc6+ bxc6 9. O-O O-O 10. Re1 Re8 11. Qa4 Bd7 12. Nc4 h6 13. Bd2 Nh5 14. Rad1
Re6 15. Bc1 Qe7 16. Rd3 c5 17. Qd1 Bb5 18. Nfd2 Nf4 19. Rg3 h5 20. Ne3 Qd8 21.
c4 Bc6 22. Nd5 h4 23. Rg4 Bd7 24. Ne3 Rf6 25. Nf5 Bxf5 26. exf5 Rxf5 27. Ne4
Bf8 28. Qf3 Rb8 29. b3 Rb6 30. Bxf4 exf4 31. Rxf4 Rxf4 32. Qxf4 Rg6 33. h3 Qd4
34. Qxh4 Re6 35. Qf4 g6 36. g4 Bh6 37. Qxh6 Rxe4 38. Rxe4 Qxe4 39. Qd2 Qf3 40.
Qe3 Qd1+ 41. Kg2 Qc2 42. a4 a6 43. a5 Qb1 44. Qxc5 Qe4+ 45. Kg3 Qd3+ 46. Qe3
Qd6+ 47. Qf4 Qd3+ 48. Kg2 c5 49. Qe5 Qxb3 50. Qxc5 Qb7+ 51. Qd5 Qc8 52. c5 Kf8
53. Qd6+ Kg7 54. c6 1-0

[Event "FLORIPA CHESS OPEN 2015"]
[Site "Florianopolis/SC"]
[Date "2015.01.18"]
[Round "9"]
[Board "34"]
[White "Fonseca, Luis Ernesto Serra Az"]
[Black "Ikeda, Vinicius Yasuto"]
[Result "0-1"]
[WhiteElo "2088"]
[BlackElo "1862"]
[PlyCount "138"]
[EventDate "2015.01.14"]
[EventRounds "10"]
[EventCountry "BRA"]

1. e4 e5 2. Nf3 Nc6 3. Bb5 a6 4. Ba4 Nf6 5. O-O Be7 6. Re1 b5 7. Bb3 d6 8. c3
O-O 9. h3 Nb8 10. d4 Nbd7 11. Nbd2 Bb7 12. Bc2 Re8 13. Nf1 Bf8 14. Ng3 g6 15.
Bg5 h6 16. Bd2 Bg7 17. h4 Nf8 18. a4 c6 19. h5 Nxh5 20. Nxh5 gxh5 21. Nh2 Qh4
22. Bd3 Ne6 23. g3 Qf6 24. axb5 axb5 25. Qxh5 Qg6 26. Qxg6 fxg6 27. d5 Nc5 28.
dxc6 Rxa1 29. Rxa1 Bxc6 30. Be2 Nxe4 31. Be3 Nc5 32. Ra7 Rc8 33. Ng4 g5 34. f3
Kf8 35. Nf2 Kg8 36. g4 Bf8 37. Kg2 d5 38. Nh1 Na4 39. Bc1 e4 40. Ng3 Nc5 41.
Nf5 exf3+ 42. Bxf3 Nd3 43. Bd2 Nxb2 44. Be3 Na4 45. Bd4 Re8 46. Kf2 Re6 47. Be2
Nb2 48. Kf3 Nc4 49. Rc7 Be8 50. Rc8 Nd2+ 51. Kf2 Ne4+ 52. Kg2 Nxc3 53. Rxc3
Rxe2+ 54. Kf3 Re4 55. Rc8 b4 56. Bf6 Re6 57. Be7 Kf7 58. Bxf8 Kxf8 59. Rb8 Re4
60. Nd6 Re6 61. Nf5 Rf6 62. Rxb4 h5 63. Rb8 Kf7 64. Rd8 Bc6 65. Kg3 hxg4 66.
Kxg4 Rg6 67. Kh5 g4 68. Nh6+ Ke7 69. Rc8 Re6 0-1

[Event "FLORIPA CHESS OPEN 2015"]
[Site "Florianopolis/SC"]
[Date "2015.01.18"]
[Round "9"]
[Board "35"]
[White "Pereira, Geanfrancesco"]
[Black "Peixoto, Helio Ricardo Soutinh"]
[Result "1/2-1/2"]
[WhiteElo "2046"]
[BlackElo "1948"]
[PlyCount "53"]
[EventDate "2015.01.14"]
[EventRounds "10"]
[EventCountry "BRA"]

1. e4 c5 2. Nf3 d6 3. d4 cxd4 4. Nxd4 Nf6 5. Nc3 a6 6. h3 e5 7. Nf3 b5 8. a3
Bb7 9. Bg5 Be7 10. Bxf6 Bxf6 11. Nd5 Nd7 12. c4 O-O 13. Nd2 Bxd5 14. cxd5 Rc8
15. Be2 Bg5 16. Bg4 Bxd2+ 17. Qxd2 Rc4 18. f3 Nc5 19. Rb1 Qh4+ 20. Kf1 Rd8 21.
Qf2 Qg5 22. g3 h5 23. h4 Qh6 24. Bh3 Nd3 25. Qe2 Nc1 26. Qf2 Nd3 27. Qe2
 1/2-1/2

[Event "FLORIPA CHESS OPEN 2015"]
[Site "Florianopolis/SC"]
[Date "2015.01.18"]
[Round "9"]
[Board "36"]
[White "Casarin, Luis Marcio Pinhatti"]
[Black "Rocha, Vitor Firmo De Souza"]
[Result "1/2-1/2"]
[WhiteElo "1851"]
[BlackElo "2040"]
[PlyCount "102"]
[EventDate "2015.01.14"]
[EventRounds "10"]
[EventCountry "BRA"]

1. c4 e6 2. Nc3 d5 3. e3 c6 4. Nf3 Nd7 5. cxd5 exd5 6. Be2 Bd6 7. O-O Qe7 8.
Qc2 Nh6 9. b3 O-O 10. Bb2 f5 11. d4 Nf6 12. Bd3 Ne4 13. Ne2 Bd7 14. h3 Be8 15.
Ne5 Nf7 16. f4 Nd8 17. Kh2 Bh5 18. Bxe4 dxe4 19. Rg1 Bxe2 20. Qxe2 Bxe5 21.
dxe5 Ne6 22. g4 Qc5 23. gxf5 Rxf5 24. Qg4 Raf8 25. Rae1 Qa5 26. a3 R8f7 27. Rd1
Qc5 28. Rd6 Qc2+ 29. Rg2 Qxb3 30. Qg3 c5 31. Rgd2 g6 32. Qg2 Qxe3 33. Rxe6
Qxf4+ 34. Kh1 e3 35. Re8+ Rf8 36. Qd5+ Kg7 37. Rxf8 Qf1+ 38. Kh2 Rxf8 39. e6+
Kh6 40. Rg2 Qf4+ 41. Kg1 e2 42. Bc3 Qf1+ 43. Kh2 Qf4+ 44. Rg3 Qf2+ 45. Rg2 Qf4+
46. Kh1 Qf1+ 47. Kh2 Qf4+ 48. Rg3 Qf2+ 49. Rg2 Qf4+ 50. Rg3 Qf2+ 51. Rg2 Qf4+
 1/2-1/2

[Event "FLORIPA CHESS OPEN 2015"]
[Site "Florianopolis/SC"]
[Date "2015.01.18"]
[Round "9"]
[Board "37"]
[White "Lazzarotto, Marcio"]
[Black "Pezzini, Leonardo Stadler"]
[Result "1/2-1/2"]
[WhiteElo "2035"]
[BlackElo "1902"]
[PlyCount "50"]
[EventDate "2015.01.14"]
[EventRounds "10"]
[EventCountry "BRA"]

1. e4 e6 2. d4 d5 3. Nd2 dxe4 4. Nxe4 Bd7 5. Nf3 Bc6 6. Bd3 Nf6 7. Qe2 Nbd7 8.
Ne5 Nxe5 9. dxe5 Nxe4 10. Bxe4 Bxe4 11. Qxe4 Qd5 12. Qxd5 exd5 13. Bg5 Be7 14.
Bxe7 Kxe7 15. O-O-O c6 16. f4 f6 17. Rhe1 fxe5 18. Rxe5+ Kf7 19. c4 Rhe8 20.
cxd5 Rxe5 21. fxe5 cxd5 22. Rxd5 Ke6 23. Rd6+ Ke7 24. Rd3 Rf8 25. Rg3 Rf7
 1/2-1/2

[Event "FLORIPA CHESS OPEN 2015"]
[Site "Florianopolis/SC"]
[Date "2015.01.18"]
[Round "9"]
[Board "38"]
[White "Cordeiro, Marco Aurelio Zaror"]
[Black "Rapouso, Ricardo Luis Borba"]
[Result "1-0"]
[WhiteElo "2238"]
[BlackElo "1922"]
[PlyCount "79"]
[EventDate "2015.01.14"]
[EventRounds "10"]
[EventCountry "BRA"]

1. e4 c5 2. Nc3 Nc6 3. f4 g6 4. Nge2 Bg7 5. g3 e6 6. Bg2 Nge7 7. O-O d5 8. d3
O-O 9. g4 Nd4 10. Ng3 dxe4 11. dxe4 Nec6 12. e5 Nb4 13. Be4 f5 14. exf6 Bxf6
15. Na4 Nd5 16. Nxc5 Qb6 17. Na4 Qa5 18. g5 Bg7 19. c3 Bd7 20. cxd4 Bxa4 21.
Qg4 Bxd4+ 22. Kh1 Qa6 23. Re1 Qd6 24. Bg2 Nxf4 25. Ne4 Nd3 26. Be3 Qb6 27. Nf6+
Rxf6 28. Bxd4 Nf2+ 29. Bxf2 Rxf2 30. Qxa4 Qxb2 31. Qe4 Re8 32. Rf1 Ref8 33.
Qxe6+ Kh8 34. Qd5 Kg7 35. Rfb1 Qc3 36. Rxb7+ Kh8 37. Rd1 Re8 38. Rbb1 Rfe2 39.
h3 R2e3 40. Qd4+ 1-0

[Event "FLORIPA CHESS OPEN 2015"]
[Site "Florianopolis/SC"]
[Date "2015.01.18"]
[Round "9"]
[Board "39"]
[White "Prol Medeiros, Horacio"]
[Black "Lisboa Torres, Eduardo"]
[Result "0-1"]
[WhiteElo "2085"]
[BlackElo "1917"]
[PlyCount "78"]
[EventDate "2015.01.14"]
[EventRounds "10"]
[EventCountry "BRA"]

1. e4 c5 2. Nf3 d6 3. d4 cxd4 4. Nxd4 Nf6 5. Nc3 g6 6. Bc4 Bg7 7. Be3 O-O 8. f3
Nc6 9. Qd2 Bd7 10. h4 Rc8 11. Bb3 Qa5 12. O-O-O h5 13. Kb1 Rfe8 14. g4 hxg4 15.
h5 gxh5 16. Nxc6 Rxc6 17. Bh6 Rxc3 18. bxc3 Rc8 19. Bxg7 Kxg7 20. fxg4 Bxg4 21.
Rde1 Rxc3 22. Rh2 Qe5 23. Qf2 b5 24. Rg2 a5 25. Qh4 a4 26. Bd5 a3 27. Kc1 Qf4+
28. Kb1 Nxd5 29. Qxh5 Nf6 30. Qh4 Rc4 31. c3 Rxc3 32. Reg1 Qxe4+ 33. Ka1 Rc4
34. Rxg4+ Nxg4 35. Qg5+ Kf8 36. Qd2 Qe5+ 37. Kb1 Qe4+ 38. Ka1 Rc2 39. Qb4 Qxb4
 0-1

[Event "FLORIPA CHESS OPEN 2015"]
[Site "Florianopolis/SC"]
[Date "2015.01.18"]
[Round "9"]
[Board "41"]
[White "Almeida Junior, Alvaro Alves D"]
[Black "Sa, Edivaldo Alves De"]
[Result "0-1"]
[WhiteElo "1885"]
[BlackElo "2026"]
[PlyCount "110"]
[EventDate "2015.01.14"]
[EventRounds "10"]
[EventCountry "BRA"]

1. e4 e6 2. d4 d5 3. Nc3 Bb4 4. e5 c5 5. a3 cxd4 6. Qxd4 Nc6 7. Bb5 Bxc3+ 8.
Qxc3 Bd7 9. Bxc6 Bxc6 10. Qg3 Kf8 11. Bd2 Ne7 12. Ne2 Nf5 13. Bb4+ Kg8 14. Qd3
Qg5 15. Rg1 h5 16. Bd2 Qh4 17. h3 a6 18. g4 Bb5 19. Qb3 hxg4 20. hxg4 Bxe2 21.
gxf5 Qe4 22. Qe3 Bf3 23. Qxe4 dxe4 24. fxe6 fxe6 25. Bb4 Kf7 26. Bd6 Rh2 27.
Rc1 Rc8 28. Rg3 b5 29. b3 g6 30. Bb4 Rd8 31. Bd6 Rc8 32. Bb4 Kg7 33. c3 Kh6 34.
Ba5 g5 35. Bb4 g4 36. Rg1 Kg5 37. c4 Kf4 38. Bd6 e3 39. fxe3+ Kxe3 40. c5 Re2+
41. Kf1 Kd2 42. Ra1 Kc3 43. b4 Kb2 44. Rd1 Kxa3 45. Ra1+ Kxb4 46. Rxa6 Rg8 47.
c6+ Kc4 48. c7 Rc2 49. Rg3 Rh8 50. Rg1 Kd5 51. Rb6 g3 52. Rb8 Rhh2 53. c8=Q
Rcf2+ 54. Ke1 Re2+ 55. Kd1 Reg2+ 0-1